| 000 | 00755cab a22002175a 4500 | ||
|---|---|---|---|
| 001 | L159542 | ||
| 008 | 150113e2017 xxk 000 0 eng d | ||
| 035 | _a(Sirsi) u159542 | ||
| 041 | 0 | _aeng | |
| 050 | _a697.92 $2 18 | ||
| 100 | 1 | _aSmith, Luke | |
| 245 | 0 | 0 |
_aTight spot _h[electronic resource] |
| 260 |
_aLondon _bRICS _c2017 |
||
| 490 |
_aRICS Building Surveying Journal _vJuly - August 2017, 14(1) |
||
| 520 | _aMaintains that there is much more to airtightness testing than compliance and leakage diagnostics. | ||
| 650 | 2 | 4 | _aAIRTIGHTNESS |
| 650 | 2 | 4 | _aHEATING AND VENTILATION |
| 651 | 4 |
_aUnited Kingdom _y |
|
| 856 | 4 | 0 |
_uhttps://issuu.com/ricsmodus/docs/building_surveying_journal_july___a _yAvailable free online via Issuu |
| 942 |
_n0 _2ddc |
||
| 999 |
_c84879 _d84879 |
||